000 00878cab a2200277 4500
001 ABS46596
008 090401t1992 xxu||||| |||| 00| 0 eng d
035 _a(Sirsi) u58820
041 _aeng
100 _aHarris, D.
245 _aLease renewals in a recession
260 _c1992
350 _a0
490 _aEstates Gazette
_v(9220) 23 May 1992, 98-99(2)
520 _aAccepting that present market conditions are causing reconsideration of standard practice in commercial rent reviews, the article concentrates on the effects of falling rental values on unopposed tenancy renewals.
650 _aFALLING MARKET
650 _aINTERIM RENT
650 _aLEASE RENEWAL
650 _aLEASES
650 _aRECESSION
650 _aRENTAL VALUES
690 _aLANDLORD AND TENANT-BUSINESS TENANCIES
700 _aKing, V.
942 _n0
948 _c04/03/1997
999 _c35967
_d35967